[Event "Sachsen-Anhalt-ch Seniors 23rd"]
[Site "Halberstadt"]
[Date "2015.06.03"]
[Round "4"]
[White "Breitfeld, Joachim"]
[Black "Fleischer, Martin"]
[Result "1-0"]
[WhiteElo "1861"]
[BlackElo "1680"]
[PlyCount "70"]
[EventDate "2015.05.31"]
[EventType "swiss"]
[EventRounds "7"]
[EventCountry "GER"]
[SourceTitle "EXT 2018"]
[Source "ChessBase"]
[SourceDate "2017.10.13"]
[SourceVersion "1"]
[SourceVersionDate "2017.10.13"]
[SourceQuality "1"]

1. b4 e6 2. Bb2 Nf6 3. b5 d5 4. e3 Be7 5. Nf3 b6 6. d4 Bb7 7. Nbd2 Nbd7 8. Bd3 h6 9. c4 a6 10. a4 c6 11. 0-0 0-0 12. Qb3 cxb5 13. cxb5 a5 14. Rac1 Bd6 15. Ba3 Qe7 16. Bxd6 Qxd6 17. Rc3 Rfc8 18. Rfc1 Rxc3 19. Rxc3 g5 20. Qc2 Ne8 21. Nf1 Ndf6 22. Ne5 Ne4 23. Bxe4 dxe4 24. Ng3 f6 25. Nc4 Qd8 26. Nxe4 f5 27. Ng3 Rc8 28. Ne5 Qd5 29. f3 Rxc3 30. Qxc3 Qa2 31. Qc4 Qb1+ 32. Nf1 Bd5 33. Qc8 Kf8 34. Qd7 Nd6 35. Qxd6+ Kg8 1-0

[Event "Dresden ZMD op-B 23rd"]
[Site "Dresden"]
[Date "2014.08.19"]
[Round "5"]
[White "Schoenberger, Kay"]
[Black "Breitfeld, Joachim"]
[Result "1/2-1/2"]
[WhiteElo "1865"]
[BlackElo "2007"]
[PlyCount "85"]
[EventDate "2014.08.15"]
[EventType "swiss"]
[EventRounds "9"]
[EventCountry "GER"]
[SourceTitle "EXT 2024"]
[Source "ChessBase"]
[SourceDate "2023.10.10"]
[SourceVersion "1"]
[SourceVersionDate "2023.10.10"]
[SourceQuality "1"]

1. d4 e6 2. c4 f5 3. Nf3 Nf6 4. e3 d5 5. Be2 c6 6. 0-0 Bd6 7. Nbd2 0-0 8. c5 Bc7 9. b4 Nbd7 10. Bb2 Ne4 11. Nxe4 fxe4 12. Nd2 Qg5 13. Qb3 Qh6 14. g3 Qh3 15. f4 Nf6 16. Rfc1 h5 17. Nf1 h4 18. Qd1 hxg3 19. Nxg3 g5 20. Qd2 gxf4 21. exf4 Ng4 22. Bxg4 Qxg4 23. Qe2 Qxe2 24. Nxe2 Bxf4 25. Nxf4 Rxf4 26. Rc2 Bd7 27. Rg2+ Kh7 28. Rf1 Raf8 29. Rxf4 Rxf4 30. Rf2 Rg4+ 31. Rg2 Rh4 32. Bc1 Be8 33. Bg5 Rh3 34. Rg3 Rxg3+ 35. hxg3 Kg6 36. Bf4 Kf5 37. Kf2 Bh5 38. Ke3 Bd1 39. Bb8 a6 40. Bf4 Ba4 41. Bc7 Kg4 42. Bd6 Bd1 43. a3 1/2-1/2

[Event "Sachsen-Anhalt-ch Seniors 22nd"]
[Site "Halberstadt"]
[Date "2014.05.29"]
[Round "5"]
[White "Breitfeld, Joachim"]
[Black "Micheel, Peter"]
[Result "1/2-1/2"]
[WhiteElo "1862"]
[BlackElo "1719"]
[PlyCount "70"]
[EventDate "2014.05.25"]
[EventType "swiss"]
[EventRounds "7"]
[EventCountry "GER"]
[SourceTitle "EXT 2018"]
[Source "ChessBase"]
[SourceDate "2017.10.13"]
[SourceVersion "1"]
[SourceVersionDate "2017.10.13"]
[SourceQuality "1"]

1. b4 a5 2. b5 c6 3. c4 d5 4. cxd5 cxd5 5. Bb2 Bf5 6. Nf3 e6 7. e3 Nd7 8. Be2 Ngf6 9. 0-0 Bd6 10. Ba3 Bxa3 11. Nxa3 Qe7 12. Nc2 0-0 13. Ncd4 Bg4 14. h3 Bxf3 15. Nxf3 Rfc8 16. Qb1 Nb6 17. Rc1 Rxc1+ 18. Qxc1 Rc8 19. Qb2 Qc7 20. Bd3 Nc4 21. Qc3 Nd6 22. Qe5 Nde4 23. Qb2 Qc5 24. Rb1 Kf8 25. Ne5 Nd6 26. g4 h6 27. h4 Ke7 28. Kg2 Nc4 29. Nxc4 dxc4 30. Be2 c3 31. dxc3 Qxc3 32. Bf3 Nd5 33. Qe2 Qc2 34. Qe1 b6 35. Ra1 Qb2 1/2-1/2

[Event "EU-chT Seniors 15th"]
[Site "Dresden"]
[Date "2013.07.25"]
[Round "6"]
[White "Breitfeld, Joachim"]
[Black "Weller, Karl"]
[Result "1-0"]
[WhiteElo "2011"]
[BlackElo "1967"]
[PlyCount "76"]
[EventDate "2013.07.20"]
[EventType "team-swiss"]
[EventRounds "9"]
[EventCountry "GER"]
[SourceTitle "CBM 155 Extra"]
[Source "ChessBase"]
[SourceDate "2013.08.26"]
[SourceVersion "1"]
[SourceVersionDate "2013.08.26"]
[SourceQuality "1"]
[WhiteTeam "Sachsen Anhalt"]
[BlackTeam "Rhein"]
[WhiteTeamCountry "GER"]
[BlackTeamCountry "GER"]

1. b4 d5 2. Bb2 Qd6 3. a3 e5 4. Nf3 Nd7 5. e3 c6 6. d4 e4 7. Nfd2 Ngf6 8. c4 Be7 9. Be2 h5 10. a4 Qxb4 11. Ba3 Qa5 12. Bxe7 Kxe7 13. Qb3 Rh6 14. Nc3 Rg6 15. Qa3+ Kd8 16. g3 Ke8 17. cxd5 cxd5 18. Nb5 Ng4 19. Bxg4 hxg4 20. Nd6+ Kd8 21. Nxf7+ Ke8 22. Nd6+ Kd8 23. Nf5 Nc5 24. dxc5 Bxf5 25. c6 Rxc6 26. Qf8+ Kc7 27. Qxf5 Rc8 28. Qe5+ Kb6 29. Qd4+ Ka6 30. 0-0 Rc3 31. Rfc1 Rd3 32. Qb2 Rcc3 33. Rcb1 b6 34. Nf1 Qc5 35. Qb5+ Qxb5 36. axb5+ Kb7 37. Rb4 Rb3 38. Rxb3 Rxb3 1-0

[Event "Sachsen-Anhalt-ch 23rd"]
[Site "Magdeburg"]
[Date "2013.05.12"]
[Round "7"]
[White "Heyder, Florian"]
[Black "Breitfeld, Joachim"]
[Result "1/2-1/2"]
[WhiteElo "2084"]
[BlackElo "1899"]
[PlyCount "40"]
[EventDate "2013.05.09"]
[EventType "tourn"]
[EventRounds "7"]
[EventCountry "GER"]
[SourceTitle "EXT 2015"]
[Source "ChessBase"]
[SourceDate "2014.11.20"]
[SourceVersion "1"]
[SourceVersionDate "2014.11.20"]
[SourceQuality "1"]

1. e4 d5 2. exd5 Qxd5 3. Nf3 Bg4 4. Be2 Nc6 5. d4 0-0-0 6. c4 Qd7 7. d5 Bxf3 8. Bxf3 Ne5 9. Be2 e6 10. Qd4 Nc6 11. Qe3 exd5 12. cxd5 Bb4+ 13. Nc3 Qxd5 14. 0-0 Bxc3 15. Qxc3 Qe5 16. Bg4+ Kb8 17. Qb3 Qd5 18. Qg3 f5 19. Bf3 Qf7 20. Bxc6 bxc6 1/2-1/2

[Event "Sachsen-Anhalt-ch Seniors 20th"]
[Site "Naumburg"]
[Date "2012.06.09"]
[Round "7"]
[White "Breitfeld, Joachim"]
[Black "Liebscher, Helmar"]
[Result "0-1"]
[WhiteElo "1865"]
[BlackElo "1968"]
[PlyCount "60"]
[EventDate "2012.06.03"]
[EventType "swiss"]
[EventRounds "7"]
[EventCountry "GER"]
[SourceTitle "EXT 2013"]
[Source "ChessBase"]
[SourceDate "2012.11.22"]
[SourceVersion "1"]
[SourceVersionDate "2012.11.22"]
[SourceQuality "1"]

1. b4 Nf6 2. Bb2 e6 3. b5 d5 4. e3 c5 5. c4 Bd6 6. Nf3 0-0 7. a4 b6 8. Be2 Nbd7 9. 0-0 e5 10. d4 cxd4 11. exd4 Qc7 12. cxd5 e4 13. Ne5 Nxe5 14. dxe5 Bxe5 15. d6 Bxd6 16. Bxf6 gxf6 17. h4 Bb7 18. Na3 Rad8 19. Qb3 Bc5 20. Nc4 Rd4 21. Rac1 Bd5 22. Qh3 Be6 23. Qc3 e3 24. Nxe3 Rxh4 25. g3 Rh6 26. Bc4 Qb7 27. f3 Bg4 28. fxg4 Qh1+ 29. Kf2 Rh2+ 30. Ke1 Qe4 0-1

[Event "Sachsen-Anhalt-ch Seniors 20th"]
[Site "Naumburg"]
[Date "2012.06.07"]
[Round "5"]
[White "Reimann, Guenther"]
[Black "Breitfeld, Joachim"]
[Result "1/2-1/2"]
[WhiteElo "1779"]
[BlackElo "1865"]
[PlyCount "87"]
[EventDate "2012.06.03"]
[EventType "swiss"]
[EventRounds "7"]
[EventCountry "GER"]
[SourceTitle "EXT 2013"]
[Source "ChessBase"]
[SourceDate "2012.11.22"]
[SourceVersion "1"]
[SourceVersionDate "2012.11.22"]
[SourceQuality "1"]

1. c4 g6 2. Nf3 Bg7 3. g3 b6 4. Bg2 Bb7 5. d3 d6 6. Nbd2 Nd7 7. Rb1 e5 8. 0-0 f5 9. b4 Qe7 10. Qc2 c5 11. bxc5 dxc5 12. Nb3 Rb8 13. Re1 Ngf6 14. h3 0-0 15. a4 e4 16. Nh2 exd3 17. Qxd3 Ne5 18. Qc2 Bxg2 19. Kxg2 Qe6 20. Bf4 Rbe8 21. Bxe5 Qxe5 22. Nf3 Qe4 23. Rbc1 Rd8 24. a5 Rd6 25. axb6 axb6 26. Nbd2 Qc6 27. Kg1 Bh6 28. e3 Re8 29. Rb1 Bg7 30. Qb3 Nd7 31. Red1 Rd8 32. Qc2 Nf8 33. Kf1 h6 34. Ke2 Ne6 35. Nf1 Ng5 36. Nxg5 hxg5 37. Rxd6 Rxd6 38. Rd1 Rxd1 39. Qxd1 b5 40. Qd3 b4 41. Nd2 Kh7 42. Qd5 Qa4 43. Qxc5 Qa3 44. Qe7 1/2-1/2

[Event "Sachsen-Anhalt-ch Seniors 19th"]
[Site "Osterburg"]
[Date "2011.06.05"]
[Round "1"]
[White "Breitfeld, Joachim"]
[Black "Timm, Christian"]
[Result "1-0"]
[WhiteElo "1858"]
[BlackElo "1402"]
[PlyCount "67"]
[EventDate "2011.06.05"]
[EventType "swiss"]
[EventRounds "7"]
[EventCountry "GER"]
[SourceTitle "EXT 2013"]
[Source "ChessBase"]
[SourceDate "2012.11.22"]
[SourceVersion "1"]
[SourceVersionDate "2012.11.22"]
[SourceQuality "1"]

1. b4 e6 2. Bb2 Nf6 3. b5 d5 4. e3 Bd6 5. Nf3 0-0 6. c4 b6 7. Be2 Bb7 8. 0-0 dxc4 9. Bxc4 Nbd7 10. d4 Bd5 11. Nbd2 Bb4 12. Qb3 Bxd2 13. Nxd2 Ne4 14. Nxe4 Bxe4 15. f3 Bb7 16. a4 Qg5 17. Rad1 a6 18. e4 axb5 19. axb5 Nf6 20. Bc1 Qh5 21. Bf4 Rfc8 22. Rd2 g5 23. Be5 Nd7 24. Bg3 g4 25. fxg4 Qxg4 26. Rf4 Ra1+ 27. Bf1 Qg6 28. Qf3 Kf8 29. Rf2 f6 30. Bh4 e5 31. dxe5 Nxe5 32. Qc3 Rxf1+ 33. Kxf1 Ng4 34. Rxf6+ 1-0

[Event "Sachsen-Anhalt-ch Seniors 18th"]
[Site "Osterburg"]
[Date "2010.06.10"]
[Round "6"]
[White "Breitfeld, Joachim"]
[Black "Brandt, Joachim"]
[Result "1-0"]
[WhiteElo "2084"]
[BlackElo "1945"]
[PlyCount "81"]
[EventDate "2010.06.06"]
[EventType "swiss"]
[EventRounds "7"]
[EventCountry "GER"]
[SourceTitle "EXT 2013"]
[Source "ChessBase"]
[SourceDate "2012.11.22"]
[SourceVersion "1"]
[SourceVersionDate "2012.11.22"]
[SourceQuality "1"]

1. b4 e5 2. Bb2 Bxb4 3. Bxe5 Nf6 4. c3 Ba5 5. Qa4 Nc6 6. Bg3 0-0 7. Nf3 d5 8. e3 Bd7 9. Bb5 Bb6 10. Bxc6 Bxc6 11. Qb3 Qe8 12. a4 a5 13. 0-0 Ne4 14. d4 Qe6 15. Nbd2 Nxg3 16. hxg3 f5 17. Ne5 Rf6 18. Rfc1 Rd8 19. Rab1 Rh6 20. Nxc6 bxc6 21. c4 Qe8 22. c5 Qh5 23. f3 Ba7 24. Kf2 Re6 25. Nf1 g5 26. Qb7 Bb8 27. Qa8 Qe8 28. Rb2 Qf8 29. Rcb1 Ree8 30. Qxa5 f4 31. exf4 gxf4 32. Qd2 Ba7 33. Qxf4 Qe7 34. Rc2 Rb8 35. Rbc1 Rb4 36. Ne3 Rxa4 37. Nf5 Qf6 38. g4 Kh8 39. Rh1 Qe6 40. Qg5 Qg8 41. Qf6+ 1-0